Comunicación I / Alejandra Martínez Ávila (Registro nro. 24334)
[ vista simple ]
| 000 -LÍDER | |
|---|---|
| fixed length control field | 00430nam a2200133 4500 |
| 020 ## - NÚMERO INTERNACIONAL NORMALIZADO PARA LIBROS | |
| ISBN | 970-10-0959-2 |
| 082 ## - NUMERO DE CLASIFICACION DECIMAL DEWEY | |
| Número de Clasificación | 001.540 2 M334c |
| 100 ## - ASIENTO PRINCIPAL--NOMBRE PERSONAL | |
| Nombre personal | Martínez Ávila, Alejandra |
| 245 ## - TÍTULO | |
| Título | Comunicación I / Alejandra Martínez Ávila |
| 260 ## - PUBLICACIÓN, DISTRIBUCIÓN, ETC. (PIE DE IMPRENTA) | |
| Lugar de publicación, distribución, etc. | Mexico : McGraw-Hill |
| 300 ## - DESCRIPCIÓN FÍSICA | |
| Extensión | 175p. / 28 cm. |
| 650 ## - ASIENTO SECUNDARIO DE MATERIA - TERMINO TEMÁTICO | |
| Término temático o nombre geográfico como elemento de entrada | 1. PROCESO DE COMUNICACION \ 2. LA COMPUTACION EN LAS EMPRESAS ACTUALES |
| 700 ## - ASIENTO SECUNDARIO - NOMBRE PERSONAL | |
| Nombre personal | I. Alvarado Rangel, Leticia, Coaut. |
| No. biblioteca | No. biblioteca | Número de clasificación | Código de barras/Número de adquisición | Número de copia | Tipo de material |
|---|---|---|---|---|---|
| LUIS G. INCLAN | LUIS G. INCLAN | 001.540 2 M334c | 27434 | 1 | Libros |
